[Event "WINNERS tourney (New members 1-7/2006)"]
[Site "SchemingMind.com"]
[Date "2006.11.17"]
[Round "-"]
[White "cedriczg"]
[Black "NebAnphu"]
[Result "0-1"]
[WhiteCountry "URU"]
[BlackCountry "POL"]
[WhiteElo "1693"]
[WhiteRD "104"]
[BlackElo "2000"]
[BlackRD "97"]
[GameID "77129"]

1. d4 d5 2. c4 e6 3. cxd5 exd5 4. Nf3 Nf6 5. Bg5 Be7 6. Nc3 c6 7. g3 O-O 8. Bg2 Nbd7 9. O-O Re8 10. Qd3 Ne4
11. Bxe7 Qxe7 12. Rfe1 Nf8 13. Nd2 Bf5 14. Ncxe4 Bxe4 15. Bxe4 dxe4 16. Qb3 e3 17. fxe3 Qxe3+ 18. Qxe3 Rxe3 19. Nc4 Re7 20. e3 Rae8
21. Re2 Ne6 22. Rd1 Ng5 23. h4 Ne4 24. Kh2 h5 25. Ne5 Nf6 26. Rde1 Nd7 27. Nc4 Nf6 28. Ne5 Ne4 29. Kh3 Nf6 30. g4 hxg4+
31. Nxg4 Nxg4 32. Kxg4 Re4+ 33. Kh3 R8e6 34. b4 Rh6 35. a4 Rexh4+ 36. Kg3 Rh1 37. b5 Rxe1 38. Rxe1 cxb5 39. axb5 Rb6 40. e4 Rxb5
41. d5 Kf8 42. d6 Ke8 43. e5 Kd7 44. Kf4 Rc5 45. Ke4 f6
0-1